01435nam a22001577a 4500999001900000008004100019100002500060245010500085260002300190300003600213520087700249773002301126906001001149942000701159952011101166 c523869d523869231011b ||||| |||| 00| 0 eng d aAhmed, Saman 944086 aCrafting livelihood together: Unraveling the work Patterns of women Phool-Patti artisans in Aligarh  aSocial Scientist  a51(7-8), Jul-Aug, 2023: p.51-62 aThe craft sector has long been an integral part of India’s cultural heritage, and economic landscape, providing livelihood opportunities for numerous artisans across the country. Among these, women engaged in the traditional art of phool-patti embroidery in Aligarh hold district position. Phool Patti, an intricate appliqué embroidery in Aligarh hold a district position Phool-patti, intricate appliqué appliqué embroidery style that showcase Persian influences and dawns on Mughal art designs, is not only craft form but also a repository of cultural’ heritage and identity for the local community. Understanding the work patents and socio-economic dynamics of women Phool-Patti artisans is crucial for comprehending the complexities of their livelihoods, as well as identifying avenues for their empowerment and socio-economic development. – Reproduced  aSocial Scientist  aWOMEN cAR 00102ddc40709398916aIIPAbIIPAd2023-10-11h51(7-8), Jul-Aug, 2023: p.51-62pAR129751r2023-10-11yAR